| 000 | 01312nam a2200193 a 4500 | ||
|---|---|---|---|
| 001 | 000016929 | ||
| 005 | 20200929165002.0 | ||
| 008 | 100312s1986 dr a 000 0 spa d | ||
| 040 |
_aDO-SdBNP _bspa _cBNPHU |
||
| 082 |
_a570 _bG633i |
||
| 100 | 1 |
_aGómez, J. Desiderio _936763 |
|
| 245 | 1 | 0 |
_aIntroducción a la biología / _cJ. Desiderio Gómez. |
| 260 |
_aSanto Domingo : _bAlfa & Omega, _c1986. |
||
| 300 |
_a294 p. : _bil. ; _c28 cm. |
||
| 500 | _aIncluye índice alfabetico | ||
| 505 | 2 | _aOrigen y organización de la vida -- La naturaleza -- Bases químicas de la vida -- Biología celular -- Energía biológica -- Metabolismo -- Fotosíntesis -- Respiración -- Nutrición heterotrofa -- Continuidad de los organismos vivos -- Reproducción -- Desarrollo embrionario -- Los tejidos -- Biología de los organismos superiores -- La estructura orgánica -- Sistema respiratorio -- Sistema nervioso -- Sistema reproductor -- Sistema digestivo -- Sistema esquelético -- Sistema protector -- Sistema muscular -- Sistema excretor -- Sistema circulatorio -- Biología de los vegetales -- La herencia -- Evolución -- Los organismos vivos y su ambiente -- Ecología general -- Ecología dominicana -- Recursos naturales de República Dominicana. | |
| 650 | 4 |
_aBiología _xLibros de texto _937432 |
|
| 049 | _aBNPD | ||
| 999 |
_c16461 _d16461 |
||